000 00356nam a2200145Ia 4500
008 210210b1982 xxu||||| |||| 00| 0 eng d
082 _a320 AGAP
100 _aAGARWAL (R C).
245 _aPrinciples of political science.
250 _a
260 _aND
_bS. Chand & Co. Ltd.
_c1982
300 _ax,558
690 _aPolitical Theory
906 _aSG01935
999 _c113123
_d113123